| 000 | 00780nam a2200301 a 4500 | ||
|---|---|---|---|
| 001 | 30659 | ||
| 003 | AR-BaAGN | ||
| 005 | 20231223063206.0 | ||
| 007 | ta | ||
| 008 | 220625s2011 ag |||||r|||| ||||||spa d | ||
| 020 | _a978-950-05-1941-0 | ||
| 040 |
_dAR-BaAGN _aAR-BaAGN _bspa _eaacr |
||
| 100 | 1 |
_aJauretche, Arturo, _d1901-1974 _92847 |
|
| 245 | 1 | 0 | _aMano a mano entre nosotros |
| 250 | _a1ª ed. | ||
| 260 |
_aBuenos Aires : _bCorregidor, _c2011. |
||
| 300 | _a160 páginas | ||
| 336 |
_2rdacontent _btxt |
||
| 337 |
_2rdamedia _bn |
||
| 338 |
_2rdacarrier _bnc |
||
| 650 | 4 |
_aPOLÍTICA _92164 |
|
| 650 | 4 |
_aHISTORIA ARGENTINA _92450 |
|
| 650 | 4 |
_aPOLÍTICA ARGENTINA _95024 |
|
| 651 | 4 |
_aArgentina _93645 |
|
| 942 | _cLIBRO | ||
| 999 |
_c30659 _d30659 |
||